000 00612nam a2200241 i 4500
001 18337
003 DO-SdUEMH
005 20260114150812.0
007 ta
008 260114s1980 mx |||gr|||| 00| 0 spa d
040 _aDO-SdUEMH
_bspa
_erda
041 _aspa
082 1 4 _mCG
_bA516
100 1 _eaut
245 _aNotas de Derecho Constitucional /
_cManuel Amiama
250 _aCuarta edición
264 1 _aMéxico :
_c©1980
300 _a236 páginas :
_c21 cm
336 _2rdacontent
_atexto
_btxt
337 _2rdamedia
_asin mediación
_bn
338 _2rdacarrier
_avolumen
_bnc
942 _2ddc
_cBK
_n0
999 _c18337
_d18337